Capitales de l'Union Européenne en 45 secondes - Statistiques

Statistiques générales
  • Ce quiz a été pris 223 fois
  • Le résultat moyen est 15 sur 27
Statistiques - réponses
pays capitale % Correct
Allemagne Berlin
97%
Belgique Bruxelles
86%
France Paris
86%
Autriche Vienne
86%
Espagne Madrid
76%
Croatie Zagreb
68%
Italie Rome
67%
Bulgarie Sofia
66%
Chypre Nicosie
61%
Grèce Athenes
59%
Danemark Copenhague
59%
Irlande Dublin
57%
Finlande Helsinki
57%
Estonie Tallinn
57%
Hongrie Budapest
56%
Lettonie Riga
56%
Lituanie Vilnius
50%
Roumanie Bucarest
48%
Malte La Valette
46%
Portugal Lisbonne
46%
Pays-Bas Amsterdam
40%
Luxembourg Luxembourg
38%
Pologne Varsovie
35%
Suède Stockholm
30%
République tchèque Prague
24%
Slovaquie Bratislava
18%
Slovénie Ljubljana
15%
Aucun quiz correspondant
Distribution des résultats
% des personnes avec chaque résultat
Percentile par nombre de réponses
Votre historique - résultats
Vous n’avez pas pris ce quiz